000 01110nam a22003017a 4500
001 4823
003 FISKH
005 20260318105755.0
008 241016b cb ||||| |||| 00| 0 eng d
020 _a9780439023535
040 _aFISKH
_beng
_cFISKH
_dFISKH
050 _aPZ7.C6837
082 _a813.6
100 _aCollin, Suzanne
245 _aCatching fire /
_cby Suzanne Collins
250 _aFirst Scholastic paperback printing, September 2010
260 _aNew York :
_bScholastic ;
_c2009 .
300 _a391 pages :
_billustrations ;
_c20 cm .
490 _aThe Hunger Games
505 _aU
520 _aBy winning the annual Hunger Games, District 12 tributes Katniss Everdeen and Peeta Mellark have secured a life of safety and plenty for themselves and their families, but because they won by defying the rules, they unwittingly become the faces of an impending rebellion.
521 8 _a820
_bLexile
521 8 _aU
_bRaz-Plus
650 _asurvival
_vscience fiction
700 _aParisi , Elizabeth B .
_eBook designer
942 _2ddc
_cBK
_n0
999 _c4823
_d4823